| 000 | 00523cam a2200205ua 4500 | ||
|---|---|---|---|
| 020 | _cRs 1.25 | ||
| 041 |
_amal _h |
||
| 082 |
_a894.8121 _bNAR/SA |
||
| 100 |
_aNarayana Menon, Vallathol. _91654 |
||
| 245 |
_aSahitya manjari, Part 1 / _cVallathol Narayana Menon. _hTextual Documents |
||
| 250 |
_a16 / _b. |
||
| 260 |
_aCheruthuruthy : _bVallathol Granthalayam , _c1961. |
||
| 300 | _a1200 ; . | ||
| 365 | _aRs 1.25 | ||
| 504 | _a | ||
| 942 | _cBK | ||
| 999 |
_c4053 _d4053 |
||
| 003 | |||